Всемирная история (Запис номер 101537)
[ съкратено ]
| 000 -Лидер | |
|---|---|
| Контролно поле с фиксирана дължина | 02513nam a2200625 c 4500 |
| 003 - Код на организацията, давaща контролен номер | |
| Контролно поле | BLK |
| 005 - Дата и час на последна редакция | |
| Контролно поле | 20210528161442.0 |
| 008 - Елементи от данни с фиксирана дължина | |
| fixed length control field | 180409b bul|||||r ||||||| ||bul|| |
| 010 ## - Наследен системен номер | |
| LC control number | KNG00106587000 |
| 020 ## - Международен стандартен номер на книга ISBN | |
| Международен стандартен номер на книга ISBN | 985-433-989-0 |
| -- | издат.: Харвест |
| 020 ## - Международен стандартен номер на книга ISBN | |
| Международен стандартен номер на книга ISBN | 985-13-0119-1 |
| -- | издат.: Харвест - на том(т. 11) |
| 020 ## - Международен стандартен номер на книга ISBN | |
| Международен стандартен номер на книга ISBN | 5-17-001598-4 |
| -- | издат.: АСТ |
| 040 ## - Източник на каталожния запис | |
| Идентификатор на билиотеката - собственик на записа | BLK |
| 041 ## - Код за език | |
| Код за езика на текст/звукозапис или на отделно заглавие | Руски |
| Код за езика КДБФ | Руски |
| 080 ## - УДК | |
| Текстов определител УДК | Обща световна история. История на света |
| УДК код - определител по УДК | 930.9 |
| УДК определител | |
| УДК - код + определител | 930.9 |
| 080 ## - УДК | |
| Текстов определител УДК | История на Европа. Ново време (1492-1914) |
| УДК код - определител по УДК | 940.2 |
| УДК определител | (4-11) |
| УДК - код + определител | 940.2(4-11) |
| 080 ## - УДК | |
| Текстов определител УДК | История на Азия |
| УДК код - определител по УДК | 94(5) |
| УДК определител | |
| УДК - код + определител | 94(5) |
| 100 1# - Редна дума - Автор | |
| Автор | Бадак, Александр Николаевич |
| Авторска отговорност | първи автор |
| R(LIN) | 35166 |
| 139 ## - Редно поле | |
| Редна дума | Всемирная история |
| Авторски знак | Вс - В 88 |
| 245 10 - Сведения за заглавието | |
| Заглавие | Всемирная история |
| Подзаглавни данни | Т. 1 - |
| Редно поле (дума) | Александр Николаевич Бадак. |
| Том | Т. 11 |
| Заглавие на том | Развитие государств Восточной Европы |
| 257 ## - Страна на издаване | |
| Страна на създаване/издаване | Белорусия |
| -- | Русия |
| 260 ## - Област на издателските данни | |
| -- | Минск ; Москва |
| Име на издателя, разпространителя и проч. | Харвест |
| -- | АСТ |
| Година на издаване | 2000 - |
| Печатница | Минск : ПК им. Я. Коласа |
| 300 ## - Физическа характеристика | |
| Размери/Мащаб | 21 см |
| 380 ## - Жанр | |
| Жанр | История |
| 500 ## - Общи забележки | |
| Забележка | Офс. изд. - Съдържа Хронологична табл. към 1-11 т. |
| 650 #4 - Допълнително описание по предмет – тема | |
| Основно описание – тема или топоним | История, световна |
| 9 (RLIN) | 261939 |
| 650 #4 - Допълнително описание по предмет – тема | |
| Основно описание – тема или топоним | История - източноевропейски страни |
| 9 (RLIN) | 265617 |
| 650 #4 - Допълнително описание по предмет – тема | |
| Основно описание – тема или топоним | История - Азия |
| 9 (RLIN) | 288175 |
| 653 ## - Ключова дума – ненормативна | |
| Ключова дума | световна история |
| 653 ## - Ключова дума – ненормативна | |
| Ключова дума | Източна Европа |
| 653 ## - Ключова дума – ненормативна | |
| Ключова дума | история |
| 653 ## - Ключова дума – ненормативна | |
| Ключова дума | Средна Азия |
| 653 ## - Ключова дума – ненормативна | |
| Ключова дума | Кавказ |
| 653 ## - Ключова дума – ненормативна | |
| Ключова дума | Османска империя |
| 653 ## - Ключова дума – ненормативна | |
| Ключова дума | Иран |
| 653 ## - Ключова дума – ненормативна | |
| Ключова дума | балкански държави |
| 653 ## - Ключова дума – ненормативна | |
| Ключова дума | България |
| 653 ## - Ключова дума – ненормативна | |
| Ключова дума | Русия |
| 653 ## - Ключова дума – ненормативна | |
| Ключова дума | Унгария |
| 653 ## - Ключова дума – ненормативна | |
| Ключова дума | Полша |
| 653 ## - Ключова дума – ненормативна | |
| Ключова дума | Украйна |
| 653 ## - Ключова дума – ненормативна | |
| Ключова дума | Прибалтика |
| 653 ## - Ключова дума – ненормативна | |
| Ключова дума | Латвия |
| 653 ## - Ключова дума – ненормативна | |
| Ключова дума | Естония |
| 653 ## - Ключова дума – ненормативна | |
| Ключова дума | Литва |
| 653 ## - Ключова дума – ненормативна | |
| Ключова дума | Сирия |
| 653 ## - Ключова дума – ненормативна | |
| Ключова дума | Египет |
| 653 ## - Ключова дума – ненормативна | |
| Ключова дума | Ливан |
| 760 1# - Описание на основната серия | |
| -- | - на том(т. 11) |
| Редна дума на основното описание | Бадак, Александр Николаевич |
| Място на издаване, издател и година | Харвест, 2000 |
| Страници - том | 592 с. |
| Забележка - том | 8 000 тир. |
| Заглавие | Т. 11 Развитие государств Восточной Европы |
| 852 ## - Местоположение | |
| Форматна сигнатура | Цб 215111 |
| 856 4# - Електронен адрес и достъп | |
| Електронен формат | pdf - файл |
| Път до файла /url/ | |
| 856 4# - Електронен адрес и достъп | |
| Електронен формат | pdf - файл |
| Път до файла /url/ | |
| 942 ## - АРТИКУЛИ | |
| Вид на библиотечния материал | Книги |
| Скрит в OPAC | Не |
| Koha issues (borrowed), all copies | 1 |
| 944 ## - СЪЗДАВАНЕ И РЕДАКЦИЯ на ЗАПИСА | |
| Създаване/Редакция | Създаване |
| Дата на регистрацията/редакция | 01.01.2002 |
| Служител, извършил регистрацията/редакцията | |
| 944 ## - СЪЗДАВАНЕ И РЕДАКЦИЯ на ЗАПИСА | |
| Създаване/Редакция | Редакция |
| Дата на регистрацията/редакция | 23.06.2003 |
| Служител, извършил регистрацията/редакцията | |
| 999 ## - СИСТЕМНИ КОНТРОЛНИ НОМЕРА | |
| Koha biblionumber | 101537 |
| Koha biblioitemnumber | 101537 |
| Код за отписване | Код за изгубен артикул | Източник на класификационната схема | Код за повреда | Коз за рестрикции | Код за отдаване | Артикулен № | Име на библиотеката - собственик | Име на библиотеката, в която се намира в момента | Статус (Текущо местоположение) | Дата на вписване в системата | Местоположение - отдел | Цена в лева | Инвентарен номер | Систематично азбучна сигнатура | Баркод | Номер на екземпляра | Цена в евро | Служебна бележка | Служебен тип на артикула |
|---|---|---|---|---|---|---|---|---|---|---|---|---|---|---|---|---|---|---|---|
| Не е изгубен | Universal Decimal Classification | Не е повреден | без рестрикции | ползва се в читалня | 163535 | Регионална библиотека "Любен Каравелов" Русе | Регионална библиотека "Любен Каравелов" Русе | Читалня | 2003-06-12 | Читалня | 2.35 | 120000676719 | Ч 93/94/В 88 | 120000676719 | 1 | 1.20 | Дост: DA Вид: А N: 17 Дата: 10.06.2003 Дата инв: 28.03.2017 Бележки инв: Ч2017 | Книги |